01856cam a22003371 4500001001300000003000400013005001700017008004100034010001700075035001900092040001700111042001200128043002100140050002200161111006400183245015000247260004600397300001600443490003600459500002800495504002900523505060000552650003501152650004401187651003701231651004601268700005901314710004201373810008601415999001701501pa 61000012 DLC20260227111855.0750722s1960 xx 100 0 spa  apa 61000012  a(OCoLC)1467506 aDLCcFUdDLC apremarc an-mx---anc-----00aF1434b.S95 1955a2 aSymposium on Middle American Anthropologyd(1955 :cBoston)10aAntropología de Mesoamérica.b[Symposium de la Américan Anthropological Association]cEd. de Gordon R. Willey, Evon Z. Vogt y Angel Palerm. aWashington,bUnión Panamericana,c1960. a2 v.c25cm.1 aEstudios monográficos, 5 y 10 aIssued also in English. aIncludes bibliographies.0 av. 1. La arqueología mesoamericana desde 1906, por A. Kidder. Las secuencias regionales en Mesoamérica y sus relaciones, por G. F. Ekholm. Estudios sobre arte mesoamericano, por T. Proskouriakoff. Investigaciones sobre la escritura jeroglífica Maya, por J.E.S. Thompson.--v. 2. Lingüística mesoamericana: 1955, por N.A. McQuown. Etnografía mesoamericana, por P. Carrasco. Antropología aplicada en Mexico, por A. Caso y G. Aguirre Beltrán. Teoría en etnología mesoamericana, por J. Guillin. El problema de la subsistencia en la historia mesoamericana, por H. Aschmann. 0aIndians of MexicovCongresses. 0aIndians of Central AmericavCongresses. 0aMexicoxAntiquitiesvCongresses. 0aCentral AmericaxAntiquitiesvCongresses.1 aWilley, Gordon R.q(Gordon Randolph),d1913-2002,eed.2 aAmerican Anthropological Association.2 aPan American Union.bSocial Science Section.tEstudios monográficos ;v5 [etc.] c51452d51452